000 01144nam0a22002771 4500
001 v19\rc\1283957
005 20250618023717.0
035 _a(NLR Aleph) 004453149
090 _a4482760
_c4482760
100 _a20060306d1842 |||y0rusy50 ca
101 1 _arus
_ceng
102 _aRU
105 _aa z |||||
200 1 _aКраткое изложение главных доводов о божественном происхождении христианского откровения
_eПер. с 16-го изд. англ. подлинника...
_fСоч. покойного еп. лондон. Портьюса д-ра богословия
205 _a3-е изд., пополн. против первых двух
210 _aСанкт-Петербург
_cтип. М-ва гос. имуществ
_d1842
215 _aXVIII, 131 с.
_cил.
700 1 _aПортеус
_bБ.
_f1731-1808
_gБейлби
790 1 _aПортьюс
_f1731-1808
801 0 _aRU
_bNLR
_gpsbo
801 0 _aRU
_bRuMoRGB
_2psbo
801 1 _aRU
_bProSoft-M
_2rusmarc
852 _aNLR
_j18.115.4.14
899 _aНБ СПбГУ
942 _cBOOK
980 _aNB